American Sports Names Smash - Statistics

General Stats
  • This quiz has been taken 12 times
  • The average score is 11 of 20
Answer Stats
League Player #1 Answer Player #2 League % Correct
NBA Michael Jordan Love NFL
100%
NFL Reggie Wayne Gretsky NHL
83%
NFL Josh Allen Iverson NBA
75%
NFL Derrick Henry (Hank) Aaron MLB
75%
MLB Nolan Ryan O'Reilly NHL
75%
NFL Tom Brady Singer MLB
67%
NBA Michael Cooper Kupp NFL
67%
NFL DeSean Jackson Chourio MLB
67%
MLB Tommy John Stockton NBA
67%
NFL Marvin Harrison Bader MLB
58%
MLB Torii Hunter Henry NFL
58%
NFL Edgerrin James Hardin NBA
50%
NFL Brady Quinn Buckner NBA
50%
NFL Curtis Martin Brodeur NHL
42%
MLB Alex Gordon Heyward NBA
33%
NFL Aaron Brooks Robinson MLB
25%
MLB Will Clark Gillies NHL
25%
MLB Mike Cameron Jordan NFL
17%
MLB Frank Thomas Davis NFL
17%
MLB Steve Avery Johnson NBA
8%
No matching quizzes found
Score Distribution
Percent of People with Each Score
Percentile by Number Answered
Your Score History
You have not taken this quiz